000 00679nam a2200289Ia 4500
005 20260324123424.0
008 008 260324s9999 xx 000 0 eng d
020 _a9781315570778
037 _aEBOOK
040 _aCRL
040 _beng
040 _cCRL
041 _2eng
041 _aeng
084 _qCRL
100 _aTimo Kivimäki
_91163043
245 0 _aCan Peace Research Make Peace?
245 0 _bLessons in Academic Diplomacy
260 _bTaylor and Francis
260 _c2012
365 _a
365 _b145
856 _uhttp://www.taylorfrancis.com/books/9781315570778
942 _cEBOOK
999 _c1763758
_d1763758